000 00644nam a22002297a 4500
942 _cBK
999 _c644
_d644
005 20250420134819.0
008 200816b ||||| |||| 00| 0 eng d
020 _a9781305661813
040 _cKCST
082 _a658
_bBu Bu
100 _aBurrow, James L
_95164
245 _aBusiness management /
_cJames L Burrow; Brad A Kleindl; Michael B Becraft
250 _a14th edition
260 _aBoston, MA :
_bSouth-Western Cengage Learning,
_c2017.
300 _a732 p.
650 _aBusiness
_92017
650 _aManagement
_9378
700 _aKleindl, Brad A
_95165
700 _aBecraft, Michael B
_95166
942 _2ddc